Statistics for Biggest European Cities by Letter - A (New Version)

Click here to take the quiz!

General Stats

  • This quiz has been taken 42 times
  • The average score is 9 of 20

Answer Stats

Rank Population Country Hint City % Correct
1849,000NetherlandsCanals (Grachten)Amsterdam
100%
2664,000GreeceAcropolisAthens
100%
4331,000SpainCosta BlancaAlicante
97%
11196,000SpainSuburb of Madrid, means 'Citadel on the river Henares'Alcalá de Henares
74%
8244,000SpainTower of HerculesA Coruña
66%
6269,000DenmarkLargest centre in JutlandAarhus
61%
9201,000United KingdomSilver City of ScotlandAberdeen
61%
5286,000GermanyFugger familyAugsburg
55%
7246,000GermanyNear the borders of the Netherlands and BelgiumAachen
39%
3517,000BelgiumDiamondsAntwerp
34%
14172,000SpainKnife manufacturesAlbacete
29%
10201,000NetherlandsPlanned city on a new-built islandAlmere
26%
12195,000SpainBeaches, vegetable productionAlmeria
21%
13175,000PortugalLisbon suburbAmadora
21%
19151,000FranceVallée de la LoireAngers
21%
20154,000NetherlandsQuickly growing city near UtrechtAmersfoort
21%
16160,000NetherlandsPaleis Het LooApeldoorn
18%
18156,000NetherlandsFootball club VitesseArnhem
16%
15167,000SpainIn the Madrid metropolitan areaAlcorcón
13%
17159,000RomaniaIn TransylvaniaArad
13%

Score Distribution

Percentile by Number Answered

Percent of People with Each Score

Your Score History

You have not taken this quiz